Komentár k zákonu o dani z príjmov pre právnické aj fyzické osoby

Gespeichert in:
Bibliographische Detailangaben
Format: Schriftenreihe
Sprache:Slowakisch
Veröffentlicht: Bratislava Dashöfer vydavateľstvo, s.r.o.
Tags: Tag hinzufügen
Keine Tags, Fügen Sie das erste Tag hinzu!

MARC

LEADER 00000nls a2200000 4500
001 0247659
005 20250826082531.6
041 0 |a slo 
245 1 0 |a Komentár k zákonu o dani z príjmov pre právnické aj fyzické osoby 
264 1 |a Bratislava  |b Dashöfer vydavateľstvo, s.r.o. 
500 |a Do roku 2018 Praktický sprievodca daňami 
500 |a Prístup do online knihy a do archívu